Külföldiek befektetési céllal történő lakásszerzése Budapesten legfőképpen franciák és oroszok szempontjából

Bibliográfiai részletek
Szerző: Czető Dóra
További közreműködők: Simon dr Olga
Dokumentumtípus: Diplomadolgozat
Kulcsszavak:Ingatlan
Befektetés
Külföldiek
Franciák
Oroszok
Online Access:http://dolgozattar.uni-bge.hu/472

MARC

LEADER 00000nta a2200000 i 4500
001 dolg472
005 20151001113302.0
008 150305suuuu hu om 000 hun d
040 |a BGE Dolgozattár Repozitórium  |b hun 
041 |a hu 
100 1 |a Czető Dóra 
245 1 0 |a Külföldiek befektetési céllal történő lakásszerzése Budapesten legfőképpen franciák és oroszok szempontjából  |c Czető Dóra  |h [elektronikus dokumentum] 
695 |a Ingatlan 
695 |a Befektetés  
695 |a Külföldiek 
695 |a Franciák 
695 |a Oroszok 
700 1 |a Simon dr Olga  |e ths 
856 4 0 |u http://dolgozattar.uni-bge.hu/472/1/Czeto%20Dora%20Szakdolgozat.pdf  |z Dokumentum-elérés